Guess the Fusion Rock Song Lyrics #5 - Statistics

General Stats
  • This quiz has been taken 18 times
  • The average score is 146 of 195
Answer Stats
Answer % Correct
I
100%
the
100%
You
100%
you
100%
do
93%
on
93%
thing
93%
When
93%
and
87%
And
87%
it
87%
love
87%
my
87%
only
87%
said
87%
don't
80%
every
80%
in
80%
men
80%
wanna
80%
All
73%
all
73%
baby
73%
Baby
73%
know
73%
loving
73%
meant
73%
REO Speedwagon
73%
that
73%
But
67%
eyes
67%
I'm
67%
it's
67%
It's
67%
just
67%
keep
67%
of
67%
them
67%
There
67%
we're
67%
Cause
60%
didn't
60%
forever
60%
look
60%
sleep
60%
together
60%
was
60%
way
60%
word
60%
by
53%
gonna
53%
us
53%
about
47%
before
47%
remember
47%
still
47%
Still
47%
those
47%
up
47%
known
40%
listen
40%
never
40%
seen
40%
should've
40%
something
40%
though
40%
maybe
33%
missing
33%
tone
33%
voice
33%
bled
27%
Instead
27%
lay
27%
played
27%
coiled
20%
dead
20%
hissing
20%
grass
13%
No matching quizzes found
Score Distribution
Percent of People with Each Score
Percentile by Number Answered
Your Score History
You have not taken this quiz